|
|
|
|
| LEADER |
00000nam0a2200000 4500 |
| 001 |
312507 |
| 005 |
20231102002507.0 |
| 020 |
|
|
|a RU
|b 82-40193
|
| 035 |
|
|
|a (RuTPU)RU\TPU\book\337876
|
| 090 |
|
|
|a 312507
|
| 100 |
|
|
|a 20151223d1982 km y0rusy5003 ca
|
| 101 |
1 |
|
|a rus
|c bul
|
| 102 |
|
|
|a RU
|
| 105 |
|
|
|a ac z 000zb
|
| 200 |
1 |
|
|a Боль и надежда
|e пер. с болг.
|f Л. А. Корвалан Лепес
|g авт. предисл. А. Яньес
|
| 210 |
|
|
|a Москва
|c Прогресс
|d 1982
|
| 215 |
|
|
|a 111 с.
|c ил.
|
| 600 |
|
1 |
|a Корвалан Лепес
|b Л. А.
|c чилийский политический деятель
|f 1916-2010
|g Луис Альберто
|c Генеральный сектетарь Коммунистической партии Чили
|2 stltpush
|3 (RuTPU)RU\TPU\pers\37291
|
| 606 |
1 |
|
|a Чили
|x Внутренняя политика
|2 stltpush
|3 (RuTPU)RU\TPU\subj\75581
|9 87289
|
| 610 |
1 |
|
|a фашизм
|
| 610 |
1 |
|
|a концентрационные лагеря
|
| 610 |
1 |
|
|a революционеры
|
| 610 |
1 |
|
|a революционные движения
|
| 610 |
1 |
|
|a политические деятели
|
| 610 |
1 |
|
|a государственные деятели
|
| 610 |
1 |
|
|a история
|
| 610 |
1 |
|
|a 20 съезд
|
| 686 |
|
|
|a Ф3(7Чи)
|2 rubbk
|
| 700 |
|
1 |
|a Корвалан Лепес
|b Л. А.
|c чилийский политический деятель
|c Генеральный сектетарь Коммунистической партии Чили
|f 1916-2010
|g Луис Альберто
|2 stltpush
|3 (RuTPU)RU\TPU\pers\37291
|9 20224
|
| 702 |
|
1 |
|a Яньес
|b А.
|4 080
|
| 801 |
|
0 |
|a RU
|b RuMRKP
|c 19950704
|g psbo
|
| 801 |
|
1 |
|a RU
|b 63413507
|c 20151223
|
| 801 |
|
2 |
|a RU
|b 63413507
|c 20180928
|g RCR
|
| 942 |
|
|
|c BK
|